[Event "POLFINAL MISTRZOSTW POLSKI JUNIOROW 2016 - C15"]
[Site "Centrum Kongresow i Rekreacji Orle Gniazdo ul. Wrzosowa 28a, Szczyrk"]
[Date "1899-12-30"]
[Round "9.2"]
[White "Filewicz, Radoslaw"]
[Black "Paliwoda, Borys"]
[Result "1/2-1/2"]
[WhiteTitle "I"]
[BlackTitle "II+"]
[WhiteElo "1827"]
[BlackElo "1717"]

1. d4 d5 2. c4 e6 3. Nc3 Be7 4. Nf3 Nf6 5. cxd5 exd5 6. Bg5 h6 7. Bh4 c6 8. e3
Bf5 9. Bd3 Bxd3 10. Qxd3 Nbd7 11. O-O O-O 12. a3 a5 13. Rac1 Re8 14. Rfe1 Qb6
15. Rc2 Nh5 16. Qf5 Nhf6 17. Rce2 g6 18. Qc2 Nh5 19. Bxe7 Rxe7 20. Na4 Qc7 21.
Nc5 Nxc5 22. Qxc5 Nf6 23. Nd2 Ne4 24. Nxe4 Rxe4 25. b4 axb4 26. axb4 Qd7 27. Rb2
b5 28. Rc2 Ra6 29. g3 Re8 30. Kg2 Qe7 31. Qc3 Qd7 32. Qc5 Qe7 33. Qc3 Qd7 34.
Qc5 Qe7 35. Qc3 Qd7 1/2-1/2

[Event "POLFINAL MISTRZOSTW POLSKI JUNIOROW 2016 - C15"]
[Site "Centrum Kongresow i Rekreacji Orle Gniazdo ul. Wrzosowa 28a, Szczyrk"]
[Date "1899-12-30"]
[Round "9.3"]
[White "Namyslak, Piotr"]
[Black "Marczak, Szymon"]
[Result "1/2-1/2"]
[WhiteTitle "I"]
[BlackTitle "I"]
[WhiteElo "1754"]
[BlackElo "1789"]

1. c4 c6 2. Nc3 d5 3. cxd5 cxd5 4. d4 Nf6 5. Nf3 Nc6 6. Bf4 Nh5 7. Bg3 Nxg3 8.
hxg3 a6 9. e3 e6 10. a3 Bd7 11. Bd3 h6 12. O-O Be7 13. b4 Rc8 14. Qb3 O-O 15.
Rac1 b5 16. Rc2 Qb6 17. Rfc1 Rc7 18. Nb1 Rfc8 19. Qb2 Bf6 20. Nbd2 Ne7 21. Nb3
Rxc2 22. Rxc2 Rxc2 23. Qxc2 Qc6 24. Qxc6 Nxc6 25. Kf1 Kf8 26. Ke2 Ke8 27. Nc5
Bc8 28. Nb3 Bd7 29. Nc5 Bc8 30. Nb3 Bd7 31. Nc5 Bc8 32. Nb3 Bd7 1/2-1/2

[Event "POLFINAL MISTRZOSTW POLSKI JUNIOROW 2016 - C15"]
[Site "Centrum Kongresow i Rekreacji Orle Gniazdo ul. Wrzosowa 28a, Szczyrk"]
[Date "1899-12-30"]
[Round "9.4"]
[White "Poplawski, Maciej"]
[Black "Posluszny, Tomasz"]
[Result "0-1"]
[WhiteTitle "I"]
[BlackTitle "II"]
[WhiteElo "1875"]
[BlackElo "1783"]

1. d4 Nf6 2. Nf3 e6 3. Bg5 c5 4. e4 cxd4 5. e5 h6 6. Bh4 g5 7. Bg3 Nh5 8. Qxd4
Nc6 9. Qe3 Bg7 10. Nbd2 Nxg3 11. hxg3 Qa5 12. c3 Nxe5 13. Be2 Ng4 14. Qd3 Qb6
15. Nd4 Ne5 16. Qc2 d5 17. f4 Nc6 18. Nxc6 bxc6 19. fxg5 hxg5 20. Rxh8+ Bxh8 21.
Qh7 Be5 22. O-O-O Rb8 23. Qc2 Bxg3 24. Bh5 Bf4 25. Rh1 Qf2 26. Bxf7+ Ke7 27. Bg6
0-1

[Event "POLFINAL MISTRZOSTW POLSKI JUNIOROW 2016 - C15"]
[Site "Centrum Kongresow i Rekreacji Orle Gniazdo ul. Wrzosowa 28a, Szczyrk"]
[Date "1899-12-30"]
[Round "9.5"]
[White "Urbanski, Wojciech"]
[Black "Kukorowski, Jan"]
[Result "0-1"]
[WhiteTitle "II"]
[BlackTitle "I"]
[WhiteElo "1730"]
[BlackElo "1700"]

1. e4 e6 2. d4 d5 3. Nd2 c5 4. exd5 Qxd5 5. Ngf3 cxd4 6. Bc4 Qd6 7. O-O Nf6 8.
Nb3 Nc6 9. Nbxd4 Nxd4 10. Nxd4 Be7 11. Be3 O-O 12. Qe2 a6 13. Rfd1 Qc7 14. h3
b5 15. Bb3 Bb7 16. c3 Nd5 17. Rac1 Nxe3 18. Qxe3 Bc5 19. Qe2 Rad8 20. Nf3 Qg3
21. Kf1 Qg6 22. Bc2 Rxd1+ 23. Qxd1 Qf6 24. Qd3 g6 25. Rd1 e5 26. Qe2 e4 27. Nd2
e3 28. Nb3 Bb6 29. f3 Qf4 30. Kg1 Re8 31. Rf1 Bd5 32. Be4 Bc4 0-1

[Event "POLFINAL MISTRZOSTW POLSKI JUNIOROW 2016 - C15"]
[Site "Centrum Kongresow i Rekreacji Orle Gniazdo ul. Wrzosowa 28a, Szczyrk"]
[Date "1899-12-30"]
[Round "9.6"]
[White "Jarzebowski, Kacper"]
[Black "Galuszka, Tomasz"]
[Result "1-0"]
[WhiteTitle "I+"]
[BlackTitle "II+"]
[WhiteElo "1852"]
[BlackElo "1752"]

1. d4 d5 2. c4 c6 3. Nf3 Nf6 4. Nc3 e6 5. g3 Nbd7 6. Bg2 Bd6 7. O-O O-O 8. b3 Qe7
9. Bb2 dxc4 10. bxc4 e5 11. d5 cxd5 12. cxd5 a6 13. e4 Nc5 14. Nd2 Nd3 15. Qc2
Nxb2 16. Qxb2 b5 17. Ne2 Bd7 18. h3 Ba3 19. Qb3 a5 20. Qd3 Rfc8 21. f4 exf4 22.
gxf4 Bb2 23. Rab1 Qc5+ 24. Kh1 Qa3 25. Qxa3 Bxa3 26. e5 Ne8 27. Nd4 Bb4 28. e6
Bxd2 29. exd7 Rc4 30. dxe8=Q+ Rxe8 31. Nxb5 Bxf4 32. Rfe1 Kf8 33. Rxe8+ Kxe8 34.
Bf3 Rc2 35. Re1+ Kd8 36. Re2 Rc1+ 37. Kg2 Bb8 38. Nd4 Bd6 39. Rc2 Rd1 40. Bxd1
1-0

[Event "POLFINAL MISTRZOSTW POLSKI JUNIOROW 2016 - C15"]
[Site "Centrum Kongresow i Rekreacji Orle Gniazdo ul. Wrzosowa 28a, Szczyrk"]
[Date "1899-12-30"]
[Round "9.7"]
[White "Dzwierzynski, Bartosz"]
[Black "Polczyk, Mikolaj"]
[Result "0-1"]
[WhiteTitle "II"]
[BlackTitle "I"]
[WhiteElo "1650"]
[BlackElo "1793"]

1. d4 Nf6 2. c4 c5 3. d5 b5 4. cxb5 a6 5. bxa6 Bxa6 6. g3 d6 7. Bg2 g6 8. Bd2 Bg7
9. Bc3 Nbd7 10. Nh3 O-O 11. Nf4 Qc7 12. h4 Rfb8 13. Qc2 h5 14. O-O Nb6 15. Nd2
Bb7 16. e4 Na4 17. Rab1 Nxc3 18. bxc3 Qa5 19. Rb3 Bc8 20. Rfb1 Nd7 21. Nc4 Qa4
22. Ne3 Rxb3 23. axb3 Qa5 24. b4 Qa3 25. b5 Qxc3 26. Qxc3 Bxc3 27. Nc4 Rb8 28.
Nd3 Nb6 29. Nxb6 Rxb6 30. Bf1 Bd7 31. Rb3 Ba5 32. Ra3 Bd2 33. Nb2 Bxb5 34. Rb3
Bb4 35. Bxb5 Rxb5 36. Nc4 Rb7 37. Na5 Ra7 38. Nc6 Rb7 39. Na5 Rc7 40. Nc6 Bd2
41. Kf1 Bh6 42. Ke2 e6 43. Rb8+ Kg7 44. f4 exd5 45. exd5 Kh7 46. Rd8 c4 47. Rxd6
Kg7 48. Rd8 Kf6 49. Re8 Rd7 50. Re5 Bf8 51. Kf3 Bd6 52. Re8 Bc5 53. Ke4 c3 54.
Kd3 Rxd5+ 55. Kxc3 Bf2 56. Ne5 Bxg3 57. Rf8 Bxf4 0-1

[Event "POLFINAL MISTRZOSTW POLSKI JUNIOROW 2016 - C15"]
[Site "Centrum Kongresow i Rekreacji Orle Gniazdo ul. Wrzosowa 28a, Szczyrk"]
[Date "1899-12-30"]
[Round "9.8"]
[White "Ciesielski, Jan"]
[Black "Radecki, Adam"]
[Result "0-1"]
[WhiteTitle "II+"]
[BlackTitle "I"]
[WhiteElo "1784"]
[BlackElo "1456"]

1. e4 c5 2. Nf3 d6 3. d4 cxd4 4. Nxd4 Nf6 5. Nc3 g6 6. h3 Bg7 7. Be3 Nc6 8. Qd2
O-O 9. O-O-O d5 10. Nxc6 bxc6 11. exd5 Nxd5 12. Nxd5 cxd5 13. Qxd5 Qc7 14. Qc5
Qb7 15. Bd4 Bf5 16. c3 Rfc8 17. Qb5 Qe4 18. Qd3 Qe6 19. Qa6 Qe4 20. Qd3 Qd5 21.
Qe3 Qxa2 22. Bd3 Rab8 0-1

[Event "POLFINAL MISTRZOSTW POLSKI JUNIOROW 2016 - C15"]
[Site "Centrum Kongresow i Rekreacji Orle Gniazdo ul. Wrzosowa 28a, Szczyrk"]
[Date "1899-12-30"]
[Round "9.9"]
[White "Wilk, Radoslaw"]
[Black "Kaminski, Maciej"]
[Result "0-1"]
[WhiteTitle "II"]
[BlackTitle "I"]
[WhiteElo "1499"]
[BlackElo "1782"]

1. d4 Nf6 2. Nf3 g6 3. Bg5 Bg7 4. Nbd2 O-O 5. e4 d5 6. Bxf6 exf6 7. c3 dxe4 8.
Ng1 b6 9. g3 Bb7 10. Bg2 Qc8 11. Ne2 e3 12. Nf3 exf2+ 13. Kxf2 c5 14. Qc2 f5 15.
Rad1 Nd7 16. d5 Nf6 17. c4 Ng4+ 0-1

[Event "POLFINAL MISTRZOSTW POLSKI JUNIOROW 2016 - C15"]
[Site "Centrum Kongresow i Rekreacji Orle Gniazdo ul. Wrzosowa 28a, Szczyrk"]
[Date "1899-12-30"]
[Round "9.10"]
[White "Burzak, Wojciech"]
[Black "Rak, Maciej"]
[Result "1-0"]
[WhiteTitle "I"]
[BlackTitle "II+"]
[WhiteElo "1624"]
[BlackElo "1619"]

1. e4 c5 2. Nf3 a6 3. c4 e6 4. Nc3 Nc6 5. d4 cxd4 6. Nxd4 Qc7 7. g3 Nf6 8. Bg2
Bb4 9. Nxc6 dxc6 10. O-O e5 11. Qb3 Bxc3 12. Qxc3 Be6 13. f4 Ng4 14. h3 Nf6 15.
b3 O-O-O 16. f5 Bd7 17. Bb2 Rde8 18. Rad1 Kb8 19. Ba3 c5 20. b4 b6 21. bxc5 bxc5
22. Qe3 Rc8 23. Rd3 Be8 24. Rb1+ Ka7 25. Rdb3 Nd7 26. Qd2 Qc6 27. Qd5 f6 28. Rb7+
Ka8 29. Bf3 Rf8 30. Bd1 Qxd5 31. exd5 Rb8 32. Rxb8+ Nxb8 33. Bxc5 Rf7 34. Bh5
Rc7 35. Bd6 Rc8 36. Bxe8 Rxe8 37. c5 Ka7 38. Kf2 Rd8 39. Ke3 h6 40. Ke4 Ka8 41.
Bxb8 Rxb8 42. Rxb8+ Kxb8 43. d6 Kc8 44. Kd5 a5 45. c6 h5 46. d7+ Kc7 47. Ke6 1-0

[Event "POLFINAL MISTRZOSTW POLSKI JUNIOROW 2016 - C15"]
[Site "Centrum Kongresow i Rekreacji Orle Gniazdo ul. Wrzosowa 28a, Szczyrk"]
[Date "1899-12-30"]
[Round "9.11"]
[White "Sloniewski, Michal"]
[Black "Lendzion, Kamil"]
[Result "1-0"]
[WhiteTitle "I"]
[BlackTitle "II"]
[WhiteElo "1579"]
[BlackElo "1417"]

1. d4 d5 2. c4 e6 3. cxd5 exd5 4. Nc3 Be6 5. Nf3 c5 6. Bf4 a6 7. e3 Nf6 8. Bd3
Nc6 9. O-O c4 10. Bc2 Bd6 11. Bxd6 Qxd6 12. e4 Qc7 13. Re1 O-O 14. e5 Nd7 15.
Ng5 Rfe8 16. Bxh7+ Kh8 17. Qh5 1-0

[Event "POLFINAL MISTRZOSTW POLSKI JUNIOROW 2016 - C15"]
[Site "Centrum Kongresow i Rekreacji Orle Gniazdo ul. Wrzosowa 28a, Szczyrk"]
[Date "1899-12-30"]
[Round "9.12"]
[White "Butyrowski, Marcel"]
[Black "Kupiecki, Szymon"]
[Result "1-0"]
[WhiteTitle "I"]
[BlackTitle "II"]
[WhiteElo "1742"]
[BlackElo "1742"]

1. Nf3 Nf6 2. c4 g6 3. b3 Bg7 4. Bb2 O-O 5. d4 d6 6. Nc3 Re8 7. g3 Nc6 8. d5 Nb8
9. Bg2 e5 10. dxe6 Bxe6 11. O-O Nc6 12. Nd4 Nxd4 13. Qxd4 Nh5 14. Qd2 Rb8 15.
Rad1 a6 16. Rfe1 Qe7 17. Nd5 Qd8 18. Bxg7 Kxg7 19. Qb2+ f6 20. Ne3 Bf7 21. c5
Qe7 22. cxd6 cxd6 23. Qd4 Red8 24. Nd5 Bxd5 25. Bxd5 Kf8 26. Rd3 Ng7 27. Rf3 Nf5
28. Qd2 Kg7 29. g4 Nh6 30. Re3 Qf8 31. Rh3 g5 32. f4 Nxg4 33. Rg3 h5 34. h3 1-0

[Event "POLFINAL MISTRZOSTW POLSKI JUNIOROW 2016 - C15"]
[Site "Centrum Kongresow i Rekreacji Orle Gniazdo ul. Wrzosowa 28a, Szczyrk"]
[Date "1899-12-30"]
[Round "9.13"]
[White "Kaminski, Antoni"]
[Black "Gazda, Dominik"]
[Result "0-1"]
[WhiteTitle "II+"]
[BlackTitle "II+"]
[WhiteElo "1611"]
[BlackElo "1377"]

1. e4 e5 2. Nf3 Nf6 3. Nxe5 d6 4. Nf3 Nxe4 5. Nc3 Nxc3 6. dxc3 Be7 7. Be3 Be6 8.
Qd2 Nc6 9. O-O-O Qd7 10. Kb1 O-O-O 11. Nd4 Kb8 12. Bb5 Bf6 13. f3 a6 14. Nxc6+
bxc6 15. Bxa6 c5 16. a3 Qa4 17. Be2 Ka7 18. Qd3 Rb8 19. Kc1 Rb6 20. b3 Qa5 21.
Kd2 Kb8 22. a4 d5 23. Ke1 d4 24. Bd2 dxc3 25. Be3 Rd8 26. Qe4 Rxd1+ 27. Bxd1 Bxb3
28. cxb3 c2+ 29. Bd2 c1=Q 30. Bxa5 Re6 31. Qxe6 fxe6 32. Ke2 Bd4 33. Bd2 Qb2 34.
Kd3 Bf6 35. Bc2 Qd4+ 36. Ke2 Kb7 37. Rd1 Qe5+ 38. Be4+ c6 39. g3 Bg5 40. Bxg5
Qxg5 41. Kf2 Qe5 42. Kg1 Kc7 43. Bxh7 Qe3+ 0-1

[Event "POLFINAL MISTRZOSTW POLSKI JUNIOROW 2016 - C15"]
[Site "Centrum Kongresow i Rekreacji Orle Gniazdo ul. Wrzosowa 28a, Szczyrk"]
[Date "1899-12-30"]
[Round "9.14"]
[White "Dyrda, Jakub"]
[Black "Wolak, Kamil"]
[Result "1-0"]
[WhiteTitle "II"]
[BlackTitle "II"]
[WhiteElo "1575"]
[BlackElo "1385"]

1. d4 d5 2. c4 c6 3. Nc3 e6 4. e4 Bb4 5. cxd5 exd5 6. e5 Bf5 7. Bd3 Ne7 8. Bxf5
Nxf5 9. Qg4 Qd7 10. Nf3 O-O 11. O-O Ne7 12. Qg3 Qe6 13. Nh4 Nf5 14. Nxf5 Qxf5
15. f4 Re8 16. Qf3 Bxc3 17. Qxc3 Nd7 18. a4 Nf8 19. b4 Rac8 20. Qf3 Qe4 21. Qxe4
dxe4 22. f5 g6 23. g4 Rcd8 24. Bb2 Nd7 25. a5 Nb8 26. Rfe1 Na6 27. Bc3 Nc7 28.
Rxe4 Nd5 29. Bd2 Nc7 30. Rd1 Rd5 31. Kf2 Red8 32. Ke3 Nb5 33. Be1 Kf8 34. Rd3
Nc7 35. Kf4 Rb5 36. Kg5 Kg7 37. Kh4 Na6 38. Rb3 Rbd5 39. Bc3 Nc7 40. Bb2 Rb5 41.
Bc1 Na6 42. Bd2 Rbd5 43. f6+ Kg8 44. e6 fxe6 45. Rxe6 Rxd4 46. Bh6 R4d6 47. Rf3
g5+ 48. Kh5 R6d7 49. Re7 Nb8 50. f7+ Kh8 51. f8=Q+ Rxf8 52. Rxf8# 1-0

[Event "POLFINAL MISTRZOSTW POLSKI JUNIOROW 2016 - C15"]
[Site "Centrum Kongresow i Rekreacji Orle Gniazdo ul. Wrzosowa 28a, Szczyrk"]
[Date "1899-12-30"]
[Round "9.15"]
[White "Guzik, Kacper"]
[Black "Golinski, Kacper"]
[Result "0-1"]
[WhiteTitle "II"]
[BlackTitle "II"]
[WhiteElo "1182"]
[BlackElo "1414"]

1. e4 e5 2. Nf3 Nf6 3. Bc4 Nc6 4. Ng5 d5 5. exd5 Na5 6. Bb5+ c6 7. dxc6 bxc6 8.
Be2 h6 9. Nf3 e4 10. Ng1 Bc5 11. Nc3 Qd4 12. Nxe4 Nxe4 0-1

[Event "POLFINAL MISTRZOSTW POLSKI JUNIOROW 2016 - C15"]
[Site "Centrum Kongresow i Rekreacji Orle Gniazdo ul. Wrzosowa 28a, Szczyrk"]
[Date "1899-12-30"]
[Round "9.16"]
[White "Piersiak, Krystian"]
[Black "Zolkiewski, Jakub"]
[Result "1/2-1/2"]
[WhiteTitle "II"]
[BlackTitle "I"]
[WhiteElo "1461"]
[BlackElo "1607"]

1. e4 e5 2. Nf3 Nc6 3. Nc3 Nf6 4. d4 exd4 5. Nxd4 Bb4 6. Nxc6 dxc6 7. Qxd8+ Kxd8
8. Bg5 h6 9. Bxf6+ gxf6 10. O-O-O Ke7 11. Bc4 Bxc3 12. bxc3 Be6 13. Bxe6 fxe6
14. Rd3 Rad8 15. Rhd1 Rxd3 16. Rxd3 Rd8 17. Rxd8 Kxd8 18. g4 Ke7 19. Kd2 Kd6 20.
Ke3 b5 21. f4 c5 22. h4 e5 23. f5 c4 24. h5 c5 25. Kd2 a5 26. Kc1 Ke7 27. a4 b4
28. Kb2 Kd6 29. cxb4 cxb4 30. c3 b3 31. Kc1 Ke7 32. Kb1 Kd6 33. Ka1 Ke7 34. Kb2
Kd7 35. Ka3 Kd6 36. Kb2 Ke7 37. Kc1 Kd6 38. Kd1 Ke7 39. Kd2 Kd6 40. Kd1 Ke7 41.
Kc1 1/2-1/2

[Event "POLFINAL MISTRZOSTW POLSKI JUNIOROW 2016 - C15"]
[Site "Centrum Kongresow i Rekreacji Orle Gniazdo ul. Wrzosowa 28a, Szczyrk"]
[Date "1899-12-30"]
[Round "9.17"]
[White "Byra, Aron"]
[Black "Kosztyla, Mateusz"]
[Result "1/2-1/2"]
[WhiteTitle "II"]
[BlackTitle "II"]
[WhiteElo "1232"]
[BlackElo "1288"]

1. e4 d5 2. exd5 Qxd5 3. Nc3 Qd6 4. Nf3 Nf6 5. Bc4 Bg4 6. h3 Bh5 7. Be2 c6 8. d3
e6 9. Nd2 Bxe2 10. Qxe2 Nbd7 11. Nde4 Qc7 12. Bd2 Be7 13. O-O O-O 14. Bg5 Rfe8
15. Bxf6 Nxf6 16. Rfe1 Nd5 17. Nxd5 cxd5 18. Nc3 Qb6 19. Rab1 Rac8 20. a3 Qc6
21. Na2 Qxc2 22. Qxc2 Rxc2 23. Rec1 Rec8 24. Nc3 Rxc1+ 25. Rxc1 Bg5 26. Rd1 Bf6
27. Rc1 d4 28. Ne2 Rxc1+ 29. Nxc1 Kf8 30. Kf1 Ke7 31. Ke2 h5 32. Nb3 b6 33. Kf3
Kd6 34. Ke4 e5 35. Nd2 b5 36. b4 Be7 37. Nb3 Ke6 38. g4 g6 39. f4 f5+ 40. gxf5+
gxf5+ 41. Kf3 h4 42. fxe5 Kxe5 43. Na5 Kd5 1/2-1/2

[Event "POLFINAL MISTRZOSTW POLSKI JUNIOROW 2016 - C15"]
[Site "Centrum Kongresow i Rekreacji Orle Gniazdo ul. Wrzosowa 28a, Szczyrk"]
[Date "1899-12-30"]
[Round "9.18"]
[White "Jordan, Adam"]
[Black "Pospiech, Mateusz"]
[Result "1-0"]
[WhiteTitle "II"]
[BlackTitle "III"]
[WhiteElo "1377"]
[BlackElo "1153"]

1. d4 d5 2. Nf3 Nf6 3. Bf4 Nc6 4. e3 Bf5 5. Bd3 Bxd3 6. Qxd3 e6 7. Nbd2 Be7 8.
Ne5 Bd6 9. Qb5 Bxe5 10. Bxe5 Rb8 11. h3 O-O 12. Bg3 Re8 13. O-O e5 14. c3 e4 15.
Rfc1 a6 16. Qe2 Rc8 17. c4 Ne7 18. Bh4 c6 19. c5 Nf5 20. Bg5 h6 21. Bf4 Re6 22.
b4 Ra8 23. a4 b5 24. cxb6 Qxb6 25. Rab1 Qd8 26. Nb3 Nd7 27. Nc5 Nxc5 28. bxc5
a5 29. Rb6 Qd7 30. Rcb1 Ree8 31. Qg4 Qe6 32. Qe2 g6 33. Ra6 Rec8 34. Rbb6 h5 35.
Qa2 Rxa6 36. Rxa6 Rb8 37. Bxb8 1-0